000 00589nam a2200205Ia 4500
005 20250923145114.0
008 008 250917s9999 xx 000 0 eng d
037 _aTextual
040 _aDSWL
_beng
_cDSWL
041 _aeng
_2eng
084 _aX8(J).2, N67
_qDSWL
100 _aHaswell, M.R.
_9831844
245 0 _aEconomics of development in village India
_cby M.R. Haswell
260 _aBombay
_bAllied Publiers P.Ltd
_c1967
300 _avii,342 p.
365 _aINR
_b16
925 _g16
942 _cTEXL
_hX8(J).2, N67
999 _c1447167
_d1447167